|
|
|
|
| LEADER |
00957nam a2200265 a 4500 |
| 001 |
2639914 |
| 008 |
120909s1964 maua 000 0 eng d |
| 999 |
|
|
|c 12805
|d 12805
|
| 010 |
|
|
|a 62021637
|
| 020 |
|
|
|a 0262680025
|
| 020 |
|
|
|a 9780262680028
|
| 040 |
|
|
|a DLC
|c DLC
|d DLC
|d BD-DhAAL
|
| 082 |
0 |
0 |
|a 720
|
| 100 |
1 |
|
|a Rasmussen, Steen Eiler,
|d 1898-1990.
|9 32420
|
| 245 |
1 |
0 |
|a Experiencing architecture /
|c Steen Eiler Rasmussen.
|
| 250 |
|
|
|a 2d United States ed.
|
| 260 |
|
|
|a Cambridge, Mass. :
|b M.I.T. Press, Massachusetts Institute of Technology,
|c 1964.
|
| 300 |
|
|
|a 245 p. :
|b ill. ;
|c 25 cm.
|
| 500 |
|
|
|a Includes index.
|
| 526 |
|
|
|a ARC
|
| 541 |
|
|
|a 00025910
|
| 650 |
|
0 |
|a Architecture.
|9 32421
|
| 852 |
1 |
|
|a Ayesha Abed Library
|j General shelf
|
| 942 |
|
|
|2 ddc
|c BK
|
| 952 |
|
|
|0 0
|1 0
|4 0
|6 720_000000000000000_RAS
|7 0
|9 21078
|a BRACUL
|b BRACUL
|c GEN
|d 2012-09-09
|e Karim International
|g 1725.00
|l 8
|m 65
|o 720 RAS
|p 3010025910
|r 2026-01-11
|s 2025-06-25
|t 1
|w 2012-09-09
|y BK
|